Giáo trình giáo dục môi trường cho trẻ mầm non

Đã lưu trong:
書目詳細資料
主要作者: Hoàng, Thị Phương
格式: 圖書
語言:Vietnamese
出版: Hà Nội Đại học sư phạm 2019
版:In lần thứ mười
主題:
標簽: 添加標簽
沒有標簽, 成為第一個標記此記錄!
Thư viện lưu trữ: Trung tâm Học liệu Lê Vũ Hùng, Trường Đại học Đồng Tháp
LEADER 00806pam a22002418a 4500
001 00045545
005 20200611100601.0
008 170821s2017 ||||||viesd
020 # # |c 30000  |a 9786045446690 
041 0 # |a vie 
082 1 4 |a 372.21  |b GI108TR 
100 1 # |a Hoàng, Thị Phương 
245 1 0 |a Giáo trình giáo dục môi trường cho trẻ mầm non  |c Hoàng Thị Phương 
250 # # |a In lần thứ mười 
260 # # |b Đại học sư phạm  |c 2019  |a Hà Nội 
300 # # |a 104 tr.  |c 24 cm. 
653 # # |a Bảo vệ 
653 # # |a Giáo dục 
653 # # |a Môi trường 
653 # # |a Trẻ mầm non 
852 # # |j KD.0027215  |j KM.0059081 
910 0 # |d 11/6/2020 
980 # # |a Trung tâm Học liệu Lê Vũ Hùng, Trường Đại học Đồng Tháp